Economic value added concepts and cases (Record no. 188750)

MARC details
000 -LEADER
fixed length control field 00477nam a2200169Ia 4500
008 - FIXED-LENGTH DATA ELEMENTS--GENERAL INFORMATION
fixed length control field 231217s9999 xx 000 0 und d
020 ## - INTERNATIONAL STANDARD BOOK NUMBER
International Standard Book Number 8178811685
041 ## - LANGUAGE CODE
Language code of text/sound track or separate title English
082 ## - DEWEY DECIMAL CLASSIFICATION NUMBER
Classification number 336.2714 SWA;1 R
100 ## - MAIN ENTRY--PERSONAL NAME
Personal name Swain, Niranjan. Mishra, Chandra Sekhar ed.
245 #0 - TITLE STATEMENT
Title Economic value added concepts and cases
260 ## - PUBLICATION, DISTRIBUTION, ETC.
Date of publication, distribution, etc. 2002
Name of publisher, distributor, etc. Icfai
Place of publication, distribution, etc. Hyderabad
300 ## - PHYSICAL DESCRIPTION
Extent vii, 188+A10
400 ## - SERIES STATEMENT/ADDED ENTRY--PERSONAL NAME [OBSOLETE, CAN/MARC], [LOCAL, USA]
Personal name Corporate finance series
650 ## - SUBJECT ADDED ENTRY--TOPICAL TERM
Topical term or geographic name entry element Economic,value,added
942 ## - ADDED ENTRY ELEMENTS (KOHA)
Koha item type Books
Holdings
Date last seen Total checkouts Full call number Accession number Cost, total (INR) price Price effective from Category Public note Lost status Damaged status Department Withdrawn status Home library Current library Shelving location Entry date Vendor Cost, normal purchase price Grants Billnumber Billdate Currency symbol Conversion rate Discount Old discount
26/01/2024   336.2714 SWA;1 R 65401 38.00 26/01/2024 Books 65401     Central Library   Central Library Central Library Central Library 16/09/2010 ICFAI Press 38.00 MBA 1993 25/02/2014 RS 1    
26/01/2024   336.2714 SWA;2 R1 65402 38.00 26/01/2024 Books 65401     F-Block Annex   Central Library Central Library F-Block Library Annex 16/09/2010 ICFAI Press 38.00 MBA 1993 25/02/2014 RS 1    
26/01/2024   336.2714 SWA;3 66148 38.00 26/01/2024 Books 66148     Central Library   Central Library Central Library Central Library 08/10/2010 ICFAI Press 38.00 MBA 1993 22/09/2014 RS 1    

© For any Suggestions or Query, please contact the library staff @ librarian@pes.edu or Phone: +9180 2672 1983/ 2108.